PHARMACOTHERAPEUTICS (Record no. 27037)
[ view plain ]
| 000 -LEADER | |
|---|---|
| fixed length control field | 00378nam a22001577a 4500 |
| 003 - CONTROL NUMBER IDENTIFIER | |
| control field | SGT |
| 020 ## - INTERNATIONAL STANDARD BOOK NUMBER | |
| International Standard Book Number | 9789354665080 |
| 082 ## - DEWEY DECIMAL CLASSIFICATION NUMBER | |
| Classification number | 615.58 |
| Item number | P24R |
| 100 ## - MAIN ENTRY--PERSONAL NAME | |
| Personal name | RAJE, V.N |
| 245 ## - TITLE STATEMENT | |
| Title | PHARMACOTHERAPEUTICS |
| 260 ## - PUBLICATION, DISTRIBUTION, ETC. (IMPRINT) | |
| Place of publication, distribution, etc | NEW DELHI |
| Name of publisher, distributor, etc | CBS PUBLICATION |
| Year of Publication | 2024 |
| 300 ## - PAGE DESCRIPTION | |
| No. of Pages | 150 |
| 650 ## - SUBJECT ADDED ENTRY--TOPICAL TERM | |
| Topical term or geographic name as entry element | PHARMACOTHERAPEUTICS |
| 653 ## - KEYWORDS--INDEX TERM | |
| Keyword term | PHARMACOTHERAPEUTICS, THERAPEUTICS |
| 942 ## - ADDED ENTRY ELEMENTS (KOHA) | |
| Source of classification or shelving scheme | Dewey Decimal Classification |
| Koha item type | Books |
| 942 ## - ADDED ENTRY ELEMENTS (KOHA) | |
| -- | 29 |
| Withdrawn status | Lost status | Source of classification or shelving scheme | Damaged status | Not for loan | Collection code | Home library | Current library | Shelving location | Date acquired | Vendor Name | Cost, normal purchase price | SGTU | Bill Number | Total Checkouts | Full call number | Accession No. (Barcode) | Date last seen | Date last borrowed | Bill Date | Koha item type | Use restrictions |
|---|---|---|---|---|---|---|---|---|---|---|---|---|---|---|---|---|---|---|---|---|---|
| Dewey Decimal Classification | PHARMACY | SGT FA-FP Library | SGT FA-FP Library | Text Book | 30/09/2024 | AHUJA PUB. | 250.00 | SGTU | 19381 | 7 | 615.58 P24R | FP5141 | 06/06/2026 | 05/05/2026 | 13/08/2024 | Books | |||||
| Dewey Decimal Classification | PHARMACY | SGT FA-FP Library | SGT FA-FP Library | Text Book | 30/09/2024 | AHUJA PUB. | 250.00 | SGTU | 19381 | 14 | 615.58 P24R | FP5142 | 30/04/2026 | 15/04/2026 | 13/08/2024 | Books | |||||
| Dewey Decimal Classification | PHARMACY | SGT FA-FP Library | SGT FA-FP Library | Text Book | 30/09/2024 | AHUJA PUB. | 250.00 | SGTU | 19381 | 12 | 615.58 P24R | FP5143 | 20/05/2025 | 07/05/2025 | 13/08/2024 | Books | |||||
| Dewey Decimal Classification | PHARMACY | SGT FA-FP Library | SGT FA-FP Library | Text Book | 30/09/2024 | AHUJA PUB. | 250.00 | SGTU | 19381 | 14 | 615.58 P24R | FP5144 | 29/04/2026 | 15/04/2026 | 13/08/2024 | Books | |||||
| Dewey Decimal Classification | PHARMACY | SGT FA-FP Library | SGT FA-FP Library | Reference Book | 30/09/2024 | AHUJA PUB. | 250.00 | SGTU | 19381 | 615.58 P24R | FP5145 | 30/09/2024 | 13/08/2024 | Books | Restricted Access |